| 000 | 00571nam a2200205 i 4500 | ||
|---|---|---|---|
| 001 | 33827 | ||
| 003 | ES-MaACL | ||
| 005 | 20250920063036.0 | ||
| 007 | t| | ||
| 008 | 030203s1984 fr ||||1| fre d | ||
| 020 | _a2-7073-0124-8 | ||
| 100 | 0 |
_aBlanchot, Maurice, _d1907-2003 _929163 |
|
| 245 | 1 | 0 |
_aLautréamont et Sade / _cMaurice Blanchot. |
| 260 |
_aParis : _bLes Editions de Minuit, _c[1984] |
||
| 300 |
_a188 p. ; _c22 cm. |
||
| 490 | 1 | _aArguments | |
| 830 | 0 |
_aArguments _9177474 |
|
| 852 |
_aES-MaACL _jL-11665 _bR.113318 |
||
| 999 |
_c33827 _d33827 |
||